Catalog

Record Details

Catalog Search



Péče o seniory v pobytových zařízeních sociálních služeb  Cover Image Book Book

Péče o seniory v pobytových zařízeních sociálních služeb / Eva Malíková

Malíková, Eva (Author).

Record details

  • ISBN: 978-80-271-2030-7
  • Physical Description: 304 stran ; 24 cm
  • Edition: 2., aktualizované a doplněné vydání
  • Publisher: Praha : Grada Publishing, 2020

Content descriptions

Bibliography, etc. Note:
Obsahuje bibliografii na stranách 295-299 a rejstřík
Subject: sociální služby
péče o seniory
ošetřovatelská péče
zařízení sociální péče
domovy pro seniory
Česko
Genre: příručky

Available copies

  • 1 of 1 copy available at Common Catalog SPOK.

Holds

  • 0 current holds with 1 total copy.
Show Only Available Copies
Location Call Number / Copy Notes Barcode Shelving Location Status Due Date
Jabok Library SPr-3.5/M 424480043051 Odborná literatura Available -

LDR 01343nam a2200397 i 4500
00146656
003CZ-PrJAB
00520200623112836.0
007ta
008200605s2020 xr e 001 0 cze d
020 . ‡a978-80-271-2030-7 ‡q(brožováno)
035 . ‡a(CZ PrSKC)001490841
040 . ‡aOSD001 ‡bcze ‡erda
043 . ‡ae-xr---
080 . ‡a364-1/-7 ‡2MRF-sel
080 . ‡a364 ‡2MRF-sel
080 . ‡a616-08 ‡2MRF-sel
080 . ‡a(437.3) ‡2MRF-sel
1001 . ‡aMalíková, Eva ‡7xx0130191 ‡4aut
24510. ‡aPéče o seniory v pobytových zařízeních sociálních služeb / ‡cEva Malíková
250 . ‡a2., aktualizované a doplněné vydání
264 1. ‡aPraha : ‡bGrada Publishing, ‡c2020
300 . ‡a304 stran ; ‡c24 cm
336 . ‡atext ‡btxt ‡2rdacontent
337 . ‡abez média ‡bn ‡2rdamedia
338 . ‡asvazek ‡bnc ‡2rdacarrier
504 . ‡aObsahuje bibliografii na stranách 295-299 a rejstřík
65007. ‡asociální služby ‡7ph125812 ‡2czenas
65007. ‡apéče o seniory ‡7ph421549 ‡2czenas
65007. ‡aošetřovatelská péče ‡7ph162660 ‡2czenas
65007. ‡azařízení sociální péče ‡7ph125819 ‡2czenas
65007. ‡adomovy pro seniory ‡7ph119547 ‡2czenas
651 7. ‡aČesko ‡7ge128065 ‡2czenas
655 7. ‡apříručky ‡7fd133209 ‡2czenas
910 . ‡aABG312
995 . ‡aska
901 . ‡a46656 ‡bCZ-PrJAB ‡c46656 ‡tbiblio

Additional Resources